| 000 | 00708cam a22002531 4500 | ||
|---|---|---|---|
| 999 |
_c7818 _d7818 |
||
| 001 | 7818 | ||
| 003 | BD-JhCC | ||
| 005 | 20181006182228.0 | ||
| 008 | 780714s1958 enka j 000 0ceng | ||
| 035 | _a(BD-JhCC)7818 | ||
| 035 | _a(OCoLC)4054683 | ||
| 040 |
_aDLC _cOCo _dOCoLC _dUk _dDLC _dBD-JhCC |
||
| 041 | _aeng | ||
| 050 | 0 | 0 |
_aCT107 _b.L47 1958 |
| 082 |
_a920 _bLAR 1958 |
||
| 100 | 1 |
_aLarsen, Egon, _d1904- |
|
| 245 | 1 | 0 |
_aMen who fought for freedom / _c[by] Egon Larsen [pseud.] |
| 260 |
_aLondon, _bPhoenix House; _aNew York, _bRoy Publishers _c[1958] |
||
| 300 |
_a191 p. _billus. _c23 cm. |
||
| 650 | 0 |
_aBiography _vJuvenile literature. |
|
| 650 | 0 | _aLiberty. | |
| 942 |
_2ddc _cBK |
||